<?xml version="1.0" encoding="UTF-8"?><?xml-stylesheet type="text/xsl" href="static/style.xsl"?><OAI-PMH xmlns="http://www.openarchives.org/OAI/2.0/" xmlns:xsi="http://www.w3.org/2001/XMLSchema-instance" xsi:schemaLocation="http://www.openarchives.org/OAI/2.0/ http://www.openarchives.org/OAI/2.0/OAI-PMH.xsd"><responseDate>2026-06-03T11:43:37Z</responseDate><request verb="GetRecord" identifier="oai:riuma.uma.es:10630/19051" metadataPrefix="marc">https://riuma.uma.es/rest/oai/request</request><GetRecord><record><header><identifier>oai:riuma.uma.es:10630/19051</identifier><datestamp>2026-02-03T12:40:20Z</datestamp><setSpec>com_10630_2254</setSpec><setSpec>col_10630_37957</setSpec></header><metadata><record xmlns="http://www.loc.gov/MARC21/slim" xmlns:dcterms="http://purl.org/dc/terms/" xmlns:doc="http://www.lyncode.com/xoai" xmlns:xsi="http://www.w3.org/2001/XMLSchema-instance" xsi:schemaLocation="http://www.loc.gov/MARC21/slim http://www.loc.gov/standards/marcxml/schema/MARC21slim.xsd">
   <leader>00925njm 22002777a 4500</leader>
   <datafield ind2=" " ind1=" " tag="042">
      <subfield code="a">dc</subfield>
   </datafield>
   <datafield ind2=" " ind1=" " tag="720">
      <subfield code="a">Mayorga-Chamorro, José Ignacio</subfield>
      <subfield code="e">author</subfield>
   </datafield>
   <datafield ind2=" " ind1=" " tag="260">
      <subfield code="c">2019</subfield>
   </datafield>
   <datafield ind2=" " ind1=" " tag="520">
      <subfield code="a">Pedro López Calderón (también llamado Pedro Calderón) fue un pintor novohispano activo entre las dos décadas finales del siglo XVII y las tres primeras del XVIII. Su producción y su figura habían sido muy escasamente atendidas hasta el presente estudio, que los aborda de manera monográfica. &#xd;
&#xd;
Tras un intenso trabajo de campo, de biblioteca y de archivo, desarrollados en buena medida a lo largo de distintas estancias de investigación en México, se ha conseguido reunir un catálogo extenso y razonado de su obra, hasta la fecha inexistente. La visión de conjunto que con ello se ha obtenido ha permitido realizar una nueva aproximación al autor, muy distinta a la que con mayor frecuencia se venía repitiendo en otras valoraciones previas. &#xd;
&#xd;
Pedro López Calderón ha pasado, así, de ser considerado como un pintor de poco interés o importancia, a un creador de demostrada valía técnica y hábil inventiva, cuando el encargo recibido así lo requería y permitía. Especializado en pintura religiosa, dedicó buena parte de su producción a la representación de santos y santas, a los que se han dedicado profundos análisis iconográficos dentro de uno de los capítulos más extensos del estudio. &#xd;
&#xd;
A nivel estilístico, la pintura de Pedro López Calderón se encuadra dentro de un contexto de indefinición y renovación plástica que es extensivo a toda la plástica del complejo ámbito cronológico y geográfico en que se desarrolló su extensa carrera. Estas cuestiones se abordan en distintos capítulos de la tesis, mientras que otros profundizan en su círculo clientelar o la distribución de su obra.&#xd;
&#xd;
Un apartado dedicado al estudio de sus firmas autógrafas ha permitido aclarar algunas dudas existentes sobre su identidad y biografía. También ha colaborado a ello la aproximación a las fuentes documentales históricas, que se recopilan y analizan en un anexo final.</subfield>
   </datafield>
   <datafield ind1="8" ind2=" " tag="024">
      <subfield code="a">https://hdl.handle.net/10630/19051</subfield>
   </datafield>
   <datafield tag="653" ind2=" " ind1=" ">
      <subfield code="a">Pintura novohispana</subfield>
   </datafield>
   <datafield tag="653" ind2=" " ind1=" ">
      <subfield code="a">Pintura religiosa</subfield>
   </datafield>
   <datafield ind2="0" ind1="0" tag="245">
      <subfield code="a">Fact. Mexico. El pintor novohispano Pedro López Calderón (activo ca. 1681 - ca. 1734)</subfield>
   </datafield>
</record>
</metadata></record></GetRecord></OAI-PMH>